Encyclopedia of contemporary literary theory : (Record no. 3245)
[ view plain ]
| 000 -LEADER | |
|---|---|
| fixed length control field | 00271nam a2200097Ia 4500 |
| 008 - FIXED-LENGTH DATA ELEMENTS--GENERAL INFORMATION | |
| fixed length control field | 240331s9999 xx 000 0 und d |
| 082 ## - DDC Classification | |
| Item Number - Author Mark | ENC |
| 100 ## - MAIN ENTRY--PERSONAL NAME | |
| Personal name | Makaryk, I.R, . ed |
| 245 #0 - TITLE STATEMENT | |
| Title | Encyclopedia of contemporary literary theory : |
| Remainder of title | approaches, scholars, terms |
| 942 ## - Koha item type (Biblio) | |
| Koha item type | Books in Stacks (Lending) |
| Lost status | Damaged status | Collection code | Home library | Current library | Shelving location | Date acquired | Full call number | Accession Number | Item type |
|---|---|---|---|---|---|---|---|---|---|
| Lending | WERC Library | WERC Library | Social Science Cupboard | 03/31/2024 | 801.95 ENC | 4434 | Books in Stacks (Lending) |
